00930nam a22002175i 4500001000700000003000900007005001700016008004100033100004600074245007000120250001200190260006000202300002700262610004500289650005400334651006000388752003100448852008800479999001900567952012600586158528ES-MaACL20250830103045.0040831s1886 xxk |||| | eng d1 aMaine, Henry Sumner (d1822-1888)912936310aPopular Government : bfour essays / cby Sir Henry Sumner Maine. a2th ed. aLondon : bJohn Murray, c1886 (fSpottiswoode and Co.) aXII, 261 p. ; c23 cm.17aEstados Unidos. tConstitution29147980 4aGobierno representativo-zEstados Unidos.9172075 4aEstados Unidos-xPolítica y gobierno-yS.XIX.9172072 aGran Bretaña - cLondres aES-MaACLjG-11955 z- Enc. tela z- Enc. al final 32 p. de publicidad editorial c158528d158528 001040708LIBXIXaATENEOMbATENEOMcSPP3d2008-01-17eSSCl0oG-11955p1165926r2023-02-23 00:00:00w2023-02-23yMONANT